00222nam a2200085Ia 4500008004100000082002200041100002300063245002700086300002300113230907s9999||||xx |||||||||||||| ||und|| a338.90091724bTOD aTodaro, Michael P. 0aEconomic development / axxvii, 860 pages :